000 00659nam a2200157 a 4500
008 120416s0000 ||||||||||||||||| || u
020 _a0174481799
050 _aQC 21.2 Bri
100 _aBrimicombe, Michael
245 1 0 _aPhysics in focus
260 _aSurrey
_bEducational Low-Priced Books Scheme
_c1990
300 _aix, 608p. : ill
350 _a0.00
995 _aBINDERY (DAMAGED)
_D0.00
_e727407
_FCBU-MAIN LIBRARY (Kitwe)
_H2
_I26200.00
_jQC 21.2 Bri
_UDAMAGED
_y018563
_ZMain Library Open Access Collection
995 _aBINDERY (DAMAGED)
_D0.00
_e018566
_FCBU-MAIN LIBRARY (Kitwe)
_H1
_I26200.00
_jQC 21.2 Bri
_UDAMAGED
_y018566
_ZMain Library Open Access Collection
999 _c81909
_d81909